<?xml version="1.0" encoding="UTF-8"?>
<record
    xmlns:xsi="http://www.w3.org/2001/XMLSchema-instance"
    xsi:schemaLocation="http://www.loc.gov/MARC21/slim http://www.loc.gov/standards/marcxml/schema/MARC21slim.xsd"
    xmlns="http://www.loc.gov/MARC21/slim">

  <leader>01130    a2200253   4500</leader>
  <datafield tag="999" ind1=" " ind2=" ">
    <subfield code="c">2912</subfield>
    <subfield code="d">2912</subfield>
  </datafield>
  <controlfield tag="005">20200122171740.0</controlfield>
  <datafield tag="010" ind1=" " ind2=" ">
    <subfield code="a">B-732137                        HIN-79522</subfield>
  </datafield>
  <datafield tag="020" ind1=" " ind2=" ">
    <subfield code="a">8181661400</subfield>
    <subfield code="c">125.00</subfield>
  </datafield>
  <datafield tag="035" ind1=" " ind2=" ">
    <subfield code="a">B-732137     </subfield>
  </datafield>
  <datafield tag="035" ind1=" " ind2=" ">
    <subfield code="a">HN-51868</subfield>
  </datafield>
  <datafield tag="037" ind1=" " ind2=" ">
    <subfield code="b">&#x921;&#x940;.&#x92C;&#x940;.&#x90F;.&#x921;&#x940;./ &#x909;&#x92A;&#x939;&#x93E;&#x930; </subfield>
  </datafield>
  <datafield tag="037" ind1=" " ind2=" ">
    <subfield code="b">D.B.Act / pub</subfield>
  </datafield>
  <datafield tag="082" ind1=" " ind2=" ">
    <subfield code="a">821</subfield>
  </datafield>
  <datafield tag="100" ind1=" " ind2=" ">
    <subfield code="a">&#x915;&#x94C;&#x936;&#x93F;&#x915;, &#x930;&#x92E;&#x947;&#x936;</subfield>
  </datafield>
  <datafield tag="245" ind1=" " ind2=" ">
    <subfield code="a">&#x92A;&#x94D;&#x930;&#x936;&#x94D;&#x928; &#x939;&#x948;&#x902; &#x909;&#x924;&#x94D;&#x924;&#x930; &#x928;&#x939;&#x940;&#x902;</subfield>
    <subfield code="c">&#x930;&#x92E;&#x947;&#x936; &#x915;&#x94C;&#x936;&#x93F;&#x915;</subfield>
  </datafield>
  <datafield tag="246" ind1=" " ind2=" ">
    <subfield code="a">Prashn hain uttar nahin</subfield>
    <subfield code="b">by Ramesh Kaushik</subfield>
  </datafield>
  <datafield tag="260" ind1=" " ind2=" ">
    <subfield code="a">&#x926;&#x93F;&#x932;&#x94D;&#x932;&#x940;</subfield>
    <subfield code="b">&#x92E;&#x947;&#x927;&#x93E; &#x92C;&#x941;&#x915;&#x94D;&#x938;</subfield>
    <subfield code="c">2006</subfield>
  </datafield>
  <datafield tag="270" ind1=" " ind2=" ">
    <subfield code="a">&#x90F;&#x915;&#x94D;&#x938;-11,&#x928;&#x935;&#x940;&#x928; &#x936;&#x93E;&#x939;&#x926;&#x930;&#x93E;</subfield>
    <subfield code="b">&#x926;&#x93F;&#x932;&#x94D;&#x932;&#x940;</subfield>
    <subfield code="e">110032</subfield>
    <subfield code="k">22323672</subfield>
    <subfield code="m">medhabooks@rediffmail.com</subfield>
  </datafield>
  <datafield tag="300" ind1=" " ind2=" ">
    <subfield code="a">108&#x92A;&#x943;</subfield>
    <subfield code="c">22 &#x938;&#x947;&#x92E;&#x940; (&#x938;&#x91C;&#x93F;&#x932;&#x94D;&#x926;)</subfield>
  </datafield>
  <datafield tag="650" ind1=" " ind2=" ">
    <subfield code="a">&#x939;&#x93F;&#x928;&#x94D;&#x926;&#x940; &#x915;&#x935;&#x93F;&#x924;&#x93E;&#x90F;&#x901;</subfield>
  </datafield>
  <datafield tag="650" ind1=" " ind2=" ">
    <subfield code="a">Hindi poems</subfield>
  </datafield>
  <datafield tag="942" ind1=" " ind2=" ">
    <subfield code="a">dpl</subfield>
    <subfield code="c">HN</subfield>
    <subfield code="k">821 / &#x915;&#x94C;&#x936;&#x93F;&#x915;</subfield>
    <subfield code="2">ddc</subfield>
    <subfield code="h">821</subfield>
    <subfield code="m">&#x915;&#x94C;&#x936;&#x93F;&#x915;</subfield>
  </datafield>
  <datafield tag="952" ind1=" " ind2=" ">
    <subfield code="0">0</subfield>
    <subfield code="1">0</subfield>
    <subfield code="4">0</subfield>
    <subfield code="7">0</subfield>
    <subfield code="a">DBAD</subfield>
    <subfield code="b">DBAD</subfield>
    <subfield code="d">2008-09-10</subfield>
    <subfield code="g">125.00</subfield>
    <subfield code="l">0</subfield>
    <subfield code="o">821 &#x915;&#x94C;&#x936;&#x93F;&#x915;</subfield>
    <subfield code="p">HN-51868</subfield>
    <subfield code="r">2008-09-15 00:00:00</subfield>
    <subfield code="t">1</subfield>
    <subfield code="u">3104</subfield>
    <subfield code="v">125.00</subfield>
    <subfield code="w">2008-09-15</subfield>
    <subfield code="y">HN</subfield>
  </datafield>
  <datafield tag="952" ind1=" " ind2=" ">
    <subfield code="0">0</subfield>
    <subfield code="1">0</subfield>
    <subfield code="4">0</subfield>
    <subfield code="7">0</subfield>
    <subfield code="8">NFIC</subfield>
    <subfield code="a">L</subfield>
    <subfield code="b">L</subfield>
    <subfield code="d">2020-01-22</subfield>
    <subfield code="e">&#x909;&#x92A;&#x939;&#x93E;&#x930;/21.1.2020</subfield>
    <subfield code="g">125.00</subfield>
    <subfield code="l">3</subfield>
    <subfield code="o">821 &#x915;&#x94C;&#x936;&#x93F;&#x915;</subfield>
    <subfield code="p">B-732137</subfield>
    <subfield code="r">2025-07-30 00:00:00</subfield>
    <subfield code="s">2025-07-22</subfield>
    <subfield code="t">1</subfield>
    <subfield code="v">125.00</subfield>
    <subfield code="w">2020-01-22</subfield>
    <subfield code="y">HN</subfield>
    <subfield code="z">&#x909;&#x92A;&#x939;&#x93E;&#x930;</subfield>
  </datafield>
</record>
